000 00281nam a22001337a 4500
008 170207b xxu||||| |||| 00| 0 eng d
020 _a21405601
041 _aeng
080 _a61
100 _a4
101 _aSHM
245 _aMEDICAL TERMINOLOGY
_cAGNES CLARE
942 _2udc
_cBK
999 _c4788
_d4788